Festivals of the world : (Record no. 9165)

MARC details
000 -LEADER
fixed length control field 01014nam a22002417a 4500
001 - CONTROL NUMBER
control field 9165
003 - CONTROL NUMBER IDENTIFIER
control field FISKH
005 - DATE AND TIME OF LATEST TRANSACTION
control field 20251126123927.0
008 - FIXED-LENGTH DATA ELEMENTS--GENERAL INFORMATION
fixed length control field 251126b cb ||||| |||| 00| 0 eng d
020 ## - INTERNATIONAL STANDARD BOOK NUMBER
International Standard Book Number 9780816044818
040 ## - CATALOGING SOURCE
Original cataloging agency FISKH
Language of cataloging eng
Transcribing agency FISKH
Modifying agency FISKH
050 ## - LIBRARY OF CONGRESS CALL NUMBER
Classification number GT3930 .B74
082 ## - DEWEY DECIMAL CLASSIFICATION NUMBER
Classification number 394.2
100 ## - MAIN ENTRY--PERSONAL NAME
Personal name Breuilly, Elizabeth
245 ## - TITLE STATEMENT
Title Festivals of the world :
Remainder of title The illustrated guide to celebrations, customs , events & holidays /
Statement of responsibility, etc. By Elizabeth Breuilly , Jonne O'Brien , Martin Palmer : Consultant Edior Professor Martin E. Marty
260 ## - PUBLICATION, DISTRIBUTION, ETC.
Place of publication, distribution, etc. New York :
Name of publisher, distributor, etc. Checkmark Books ,
Date of publication, distribution, etc. 2002.
300 ## - PHYSICAL DESCRIPTION
Extent 160 pages :
Other physical details color illustrations ;
Dimensions 28 cm .
520 ## - SUMMARY, ETC.
Summary, etc. Looks at the observances and celebrations of some of the world's major religions, including Judaism, Christianity, Shintoism, Rastafarianism, and others,and includes photographs, and a glosary of terms.
650 ## - SUBJECT ADDED ENTRY--TOPICAL TERM
Topical term or geographic name entry element Festivals
Form subdivision Non-fiction
650 ## - SUBJECT ADDED ENTRY--TOPICAL TERM
Topical term or geographic name entry element Fasts and feasts
Form subdivision Non-fiction
942 ## - ADDED ENTRY ELEMENTS (KOHA)
Source of classification or shelving scheme Dewey Decimal Classification
Koha item type Books
Suppress in OPAC No
Holdings
Withdrawn status Lost status Source of classification or shelving scheme Damaged status Not for loan Collection Home library Current library Shelving location Date acquired Total Checkouts Full call number Barcode Date last seen Price effective from Koha item type
    Dewey Decimal Classification     Non-Fiction Footprints International School Library Network Toul Tom Poung Campus Footprints International School Library Network Toul Tom Poung Campus TTP Secondary Non-Fiction Bookshelves 11/26/2025   BRE 394.2 GT3930 .B74 2025-4915 11/26/2025 11/26/2025 Books